Sports Quiz

Random Sports or Soccer Quiz

English Football Champion Cities Quiz Stats

 Plays Quiz Updated May 31, 2018

Challenge
Share
Tweet
Embed
Score 0/19 Timer 04:00
1 Play Today
Titles City % Correct
25Manchester
99.1%
21London
98.4%
27Liverpool
96.3%
7Birmingham
81.2%
4Newcastle
81.2%
3Leeds
74.1%
1Leicester
72.3%
1Nottingham
68.1%
3Blackburn
65.2%
6Sunderland
58.6%
Titles City % Correct
5Sheffield
56.7%
2Derby
46%
2Portsmouth
44.8%
1Ipswich
39.8%
2Preston
37.9%
3Wolverhampton
35.4%
2Burnley
33.2%
3Huddersfield
27.7%
1West Bromwich
21.1%

You're not logged in!

Compare scores with friends on all Sporcle quizzes.
Join for Free
OR
Log In

You Might Also Like...

Show Comments

Extras

Top Quizzes Today


Score Distribution

Your Account Isn't Verified!

In order to create a playlist on Sporcle, you need to verify the email address you used during registration. Go to your Sporcle Settings to finish the process.

Report this User

Report this user for behavior that violates our Community Guidelines.

Details: